|
|
|
|
| LEADER |
01232nam a22003612i 4500 |
| 001 |
001589744 |
| 003 |
CZ BrMZK |
| 005 |
20171122132617.0 |
| 007 |
ta |
| 008 |
170810s1969 gw er|||||||||||ger d |
| 040 |
|
|
|a BOA001
|b cze
|e rda
|
| 072 |
|
7 |
|a 615
|x Farmacie. Farmakologie
|2 Konspekt
|9 14
|
| 080 |
|
|
|a 579.852.13
|2 MRF
|
| 080 |
|
|
|a 616-08:615.2/.3
|2 MRF
|
| 080 |
|
|
|a 615.33
|2 MRF
|
| 080 |
|
|
|a (043.3)
|2 MRF
|
| 100 |
1 |
|
|a Stieghorst, Gisela
|4 dis
|
| 245 |
1 |
0 |
|a Über die Wirksamkeit verschiedener Antibiotika gegenüber Clostridium perfrigens /
|c Gisela Stieghorst
|
| 264 |
|
1 |
|a Hamburg :
|b Gisela Stieghorst,
|c 1969
|
| 300 |
|
|
|a 2, 53 stran
|
| 336 |
|
|
|a text
|b txt
|2 rdacontent
|
| 337 |
|
|
|a bez média
|b n
|2 rdamedia
|
| 338 |
|
|
|a svazek
|b nc
|2 rdacarrier
|
| 502 |
|
|
|a Disertace--Universität Hamburg, 1969
|
| 650 |
0 |
7 |
|a Clostridium perfringens
|7 ph903838
|2 czenas
|
| 650 |
0 |
7 |
|a farmakoterapie
|7 ph134781
|2 czenas
|
| 650 |
0 |
7 |
|a antibiotika
|7 ph118480
|2 czenas
|
| 655 |
|
7 |
|a disertace
|7 fd132024
|2 czenas
|
| 710 |
2 |
|
|a Universität Hamburg
|7 kn20010710029
|4 isb
|
| 910 |
|
|
|a BOA001
|b X-0661.608
|
| 990 |
|
|
|a BK
|
| 991 |
|
|
|b 201708
|
| 996 |
7 |
|
|b 2618910721
|c X-0661.608
|l MZK
|r Sklad / do 24 hodin
|n 0
|w 001625228
|u 000010
|a 1
|e BOA001
|j MZK50
|s A
|